000 00598nam a2200181Ia 4500
008 151202s9999||||xx |||||||||||||| ||und||
082 _bPNVM-32886
100 _aआपटे ह.ना
245 _aचाणाक्षपणाचा कळस.
260 _b"आर्यभूषण मुद्रणालय,पुणे."
260 _c1964
300 _a127
600 _aआपटे ह.ना
630 _aचाणाक्षपणाचा कळस.
700 _aआपटे ह.ना
730 _aचाणाक्षपणाचा कळस.
942 _cBOOK
999 _c1298847
_d1298844